[Event "ENCI Limburg-open C"]
[Site "Maastricht"]
[Date "2010.05.22"]
[Round "2"]
[White "Lennartz, Ludwig"]
[Black "Uiterwijk, Jos"]
[Result "0-1"]
[WhiteElo "1614"]
[BlackElo "1702"]
[PlyCount "108"]
[EventDate "2010.05.21"]
[EventType "swiss"]
[EventRounds "7"]
[EventCountry "NED"]
[Source "P.Boonen"]
[SourceDate "2010.10.01"]

1. d4 d5 2. c4 e6 3. Nc3 Bb4 4. Nf3 Nf6 5. Bg5 h6 6. Bxf6 Qxf6 7. e3 O-O 8. Rc1
b6 9. Bd3 Ba6 10. cxd5 Bxd3 11. Qxd3 exd5 12. O-O c6 13. a3 Bd6 14. e4 Qg6 15.
Qc2 Bf4 16. Rce1 Nd7 17. Qb3 dxe4 18. Rxe4 Bd6 19. Ne5 Bxe5 20. Rxe5 Nxe5 21.
dxe5 Qe6 22. Qa4 Qxe5 23. Qxc6 Rfc8 24. Qf3 Re8 25. h3 Rad8 26. Qc6 Qe6 27. Qb5
Rc8 28. f3 Rc5 29. Qb4 a5 30. Qa4 Rd8 31. Qf4 Qe5 32. Qc1 Qd4+ 33. Kh1 Qd2 34.
Qb1 Qd3 35. Qe1 Rc6 36. Rf2 Re6 37. Qa1 Rde8 38. Rf1 Qd2 39. Ne4 Qf4 40. Qd1 f5
41. Nc3 Rd6 42. Qb3+ Kh8 43. Qb5 Re5 44. Qb3 Rde6 45. Qd1 Qg3 46. Qd8+ Kh7 47.
Qf8 Re8 48. Qf7 Qg6 49. Qc4 Re1 50. Nd5 Rxf1+ 51. Qxf1 Qd6 52. Nc3 Qd2 53. Qb5
Re1+ 54. Kh2 Qf4+ 0-1

[Event "ENCI Limburg-open C"]
[Site "Maastricht"]
[Date "2010.05.22"]
[Round "2"]
[White "Maessen, Roy"]
[Black "Keetman, Sandra"]
[Result "1-0"]
[WhiteElo "1703"]
[BlackElo "1295"]
[PlyCount "67"]
[EventDate "2010.05.21"]
[EventType "swiss"]
[EventRounds "7"]
[EventCountry "NED"]
[Source "P.Boonen"]
[SourceDate "2010.10.01"]

1. d4 c6 2. Nf3 d5 3. e3 Nf6 4. Nbd2 Bf5 5. Be2 Nbd7 6. b3 e6 7. Bb2 Be7 8. c4
O-O 9. O-O Rc8 10. a3 Qc7 11. h3 Rfe8 12. c5 b6 13. b4 a5 14. Qb3 Rb8 15. Qc3
Be4 16. Rfc1 Bxf3 17. Bxf3 h6 18. Be2 Nh7 19. cxb6 Nxb6 20. Bd1 axb4 21. axb4
Bh4 22. Qxc6 Qe7 23. Qc7 Qxb4 24. Bc3 Qe7 25. Ba5 Qxc7 26. Rxc7 Bd8 27. Rc6 Nd7
28. Bxd8 Rbxd8 29. Ra7 Nhf6 30. Rcc7 Re7 31. Ba4 Kf8 32. Nf3 Ke8 33. Ne5 h5 34.
Nc6 1-0

[Event "ENCI Limburg-open C"]
[Site "Maastricht"]
[Date "2010.05.22"]
[Round "2"]
[White "Majhi, Ankit"]
[Black "Hoek, Tjerk"]
[Result "1-0"]
[WhiteElo "1657"]
[BlackElo "1205"]
[PlyCount "47"]
[EventDate "2010.05.21"]
[EventType "swiss"]
[EventRounds "7"]
[EventCountry "NED"]
[Source "P.Boonen"]
[SourceDate "2010.10.01"]

1. e4 e5 2. Nf3 Nc6 3. Bc4 d6 4. d4 Bg4 5. h3 Bxf3 6. Qxf3 Nf6 7. d5 Nd4 8. Qd3
b5 9. Bxb5+ Nxb5 10. Qxb5+ Qd7 11. Qb7 Qc8 12. Qc6+ Nd7 13. Nc3 a6 14. Bg5 f6
15. Be3 Be7 16. O-O O-O 17. f4 Nb8 18. Qxa8 f5 19. fxe5 fxe4 20. e6 c6 21. Ba7
c5 22. Rxf8+ Bxf8 23. Qxb8 Qxb8 24. Bxb8 1-0

[Event "ENCI Limburg-open C"]
[Site "Maastricht"]
[Date "2010.05.22"]
[Round "2"]
[White "Mathee, Jochen"]
[Black "Heinemans, Nol"]
[Result "0-1"]
[WhiteElo "1611"]
[BlackElo "1680"]
[PlyCount "90"]
[EventDate "2010.05.21"]
[EventType "swiss"]
[EventRounds "7"]
[EventCountry "NED"]
[Source "P.Boonen"]
[SourceDate "2010.10.01"]

1. d4 c6 2. Nf3 d6 3. e4 Bg4 4. Bd3 g6 5. O-O Bg7 6. c3 Nf6 7. h3 Bxf3 8. Qxf3
Nbd7 9. Be3 O-O 10. Nd2 Rc8 11. Qe2 e5 12. Nc4 Qc7 13. Rad1 d5 14. Nxe5 Nxe5
15. Bf4 dxe4 16. Bxe4 Nxe4 17. Qxe4 f5 18. Qe3 Nc4 19. Qg3 Qf7 20. b3 Nb6 21.
Rfe1 Rfe8 22. Be5 Nd7 23. f4 Nf6 24. Rd3 Ne4 25. Qf3 Re6 26. c4 Ree8 27. Bxg7
Kxg7 28. Red1 Rcd8 29. d5 cxd5 30. Rxd5 Rxd5 31. Rxd5 Qc7 32. Qd3 Re7 33. Qd4+
Kh6 34. Re5 Rxe5 35. fxe5 Qb6 36. Qxb6 axb6 37. g3 Nxg3 38. Kg2 Ne4 39. Kf3 g5
40. h4 g4+ 41. Kf4 g3 42. e6 g2 43. e7 Nd6 44. Ke5 Ne8 45. Ke6 Kg7 0-1

[Event "ENCI Limburg-open C"]
[Site "Maastricht"]
[Date "2010.05.22"]
[Round "2"]
[White "Mollema, Henk"]
[Black "Welling, Sophie"]
[Result "1-0"]
[WhiteElo "1279"]
[BlackElo "1572"]
[PlyCount "73"]
[EventDate "2010.05.21"]
[EventType "swiss"]
[EventRounds "7"]
[EventCountry "NED"]
[Source "P.Boonen"]
[SourceDate "2010.10.01"]

1. e4 c5 2. Nf3 e6 3. d4 cxd4 4. Nxd4 Nc6 5. Nc3 a6 6. Be2 Qc7 7. Be3 Nf6 8.
Qd2 Bb4 9. Bf3 O-O 10. Nde2 Na5 11. b3 Nc6 12. Bf4 e5 13. Bg3 b5 14. O-O Bb7
15. Qe3 d6 16. Bh4 Bc5 17. Qd2 Ne8 18. Nd5 Qb8 19. Ne7+ Kh8 20. Ng3 Nxe7 21.
Bxe7 Rg8 22. Nf5 Bc8 23. Rad1 Bxf5 24. exf5 Ra7 25. Bh4 Rd7 26. Bd5 Qc7 27. Qe2
Nf6 28. Bxf6 gxf6 29. Rd3 Rg5 30. Rh3 Qd8 31. Qf3 Qg8 32. Rh6 Qg7 33. Qh3 Rg4
34. Kh1 Rd4 35. Bf3 Rd2 36. Qh4 Qg5 37. Rxh7+ 1-0

[Event "ENCI Limburg-open C"]
[Site "Maastricht"]
[Date "2010.05.22"]
[Round "2"]
[White "Overtoom, Reinier"]
[Black "Hebels, Alex"]
[Result "1-0"]
[WhiteElo "1674"]
[BlackElo "1230"]
[PlyCount "51"]
[EventDate "2010.05.21"]
[EventType "swiss"]
[EventRounds "7"]
[EventCountry "NED"]
[Source "P.Boonen"]
[SourceDate "2010.10.01"]

1. Nc3 g6 2. Nf3 d6 3. e4 Bg7 4. Bc4 e6 5. d4 a6 6. O-O b5 7. Bb3 h6 8. Re1 Nd7
9. Ne2 c5 10. c3 Ngf6 11. Ng3 c4 12. Bc2 Qb6 13. h3 Nh7 14. Be3 Qc7 15. Qd2
Nhf6 16. Rad1 Bb7 17. Nh4 e5 18. f4 O-O-O 19. fxe5 dxe5 20. Qf2 Rhe8 21. d5 Bf8
22. Rf1 g5 23. Nhf5 Nc5 24. d6 Bxd6 25. Nxd6+ Rxd6 26. Bxc5 1-0

[Event "ENCI Limburg-open C"]
[Site "Maastricht"]
[Date "2010.05.22"]
[Round "2"]
[White "Rahangmetan, Derek Jan"]
[Black "Vincent, Ayla"]
[Result "1-0"]
[WhiteElo "1561"]
[BlackElo "1096"]
[PlyCount "57"]
[EventDate "2010.05.21"]
[EventType "swiss"]
[EventRounds "7"]
[EventCountry "NED"]
[Source "P.Boonen"]
[SourceDate "2010.10.01"]

1. d4 Nf6 2. e3 d5 3. Bd3 Nc6 4. f4 Bg4 5. Nf3 g6 6. c3 Bg7 7. Nbd2 Qd7 8. h3
Bf5 9. Bb5 Qe6 10. Ne5 h5 11. Qa4 O-O 12. Ndf3 Nxe5 13. dxe5 Ne4 14. Bd7 Qxd7
15. Qxd7 Bxd7 16. Nd4 f6 17. e6 Bc8 18. b4 b6 19. b5 Nxc3 20. Ba3 Re8 21. Rc1
c5 22. bxc6 Ne4 23. g4 hxg4 24. hxg4 f5 25. gxf5 Bxd4 26. exd4 gxf5 27. Rg1+
Kh7 28. Rc2 Ng5 29. Rxg5 1-0

[Event "ENCI Limburg-open C"]
[Site "Maastricht"]
[Date "2010.05.22"]
[Round "2"]
[White "Ramaekers, Philippe"]
[Black "Roemhild, Wolfgang"]
[Result "0-1"]
[WhiteElo "1601"]
[BlackElo "1675"]
[PlyCount "78"]
[EventDate "2010.05.21"]
[EventType "swiss"]
[EventRounds "7"]
[EventCountry "NED"]
[Source "P.Boonen"]
[SourceDate "2010.10.01"]

1. e4 e5 2. Nf3 Nc6 3. d4 exd4 4. Bc4 Nf6 5. O-O Be7 6. e5 Ng4 7. Re1 d5 8.
exd6 Qxd6 9. Bg5 Nge5 10. Bxe7 Qxe7 11. Nxe5 Nxe5 12. f4 Bg4 13. Qc1 O-O-O 14.
Rxe5 Qb4 15. Bd3 g6 16. Na3 Rhe8 17. Rb5 Qd6 18. Nc4 Qf6 19. Qd2 a6 20. Rc5 Re7
21. Qa5 Kb8 22. Qb4 Bc8 23. Ne5 Re6 24. Qa5 b6 25. Qb4 Bb7 26. Rc4 Qxf4 27. Nf3
Qe3+ 28. Kh1 Bxf3 29. gxf3 Qxf3+ 30. Kg1 Rd5 31. Qf8+ Kb7 32. Qh6 Ree5 33. h4
Rh5 34. Qd2 Rxh4 35. Qg2 Rg4 36. Qxg4 Qxg4+ 37. Kf2 Qf4+ 38. Ke2 Re5+ 39. Kd1
Qe3 0-1

[Event "ENCI Limburg-open C"]
[Site "Maastricht"]
[Date "2010.05.22"]
[Round "2"]
[White "Reyskens, Jules"]
[Black "Huebben, Dominik"]
[Result "1/2-1/2"]
[WhiteElo "1631"]
[BlackElo "1746"]
[PlyCount "55"]
[EventDate "2010.05.21"]
[EventType "swiss"]
[EventRounds "7"]
[EventCountry "NED"]
[Source "P.Boonen"]
[SourceDate "2010.10.01"]

1. e4 Nf6 2. e5 Nd5 3. d4 d6 4. Nf3 dxe5 5. Nxe5 Nd7 6. Nxf7 Kxf7 7. Qh5+ Ke6
8. Qg4+ Kf7 9. Qh5+ Ke6 10. Qg4+ Kd6 11. c4 N5f6 12. Bf4+ e5 13. dxe5+ Nxe5 14.
Qd1+ Ke7 15. Qxd8+ Kxd8 16. Bxe5 Bc5 17. Bxf6+ gxf6 18. Nc3 c6 19. O-O-O+ Kc7
20. Ne4 Be7 21. Bd3 Be6 22. Rhe1 Bf7 23. Kc2 Rad8 24. Bf1 Bg6 25. f3 Rxd1 26.
Rxd1 Bxe4+ 27. fxe4 Rd8 28. Rxd8 1/2-1/2

[Event "ENCI Limburg-open C"]
[Site "Maastricht"]
[Date "2010.05.22"]
[Round "2"]
[White "Schoffelen, Jan"]
[Black "Demarre, Mathias"]
[Result "1/2-1/2"]
[WhiteElo "1367"]
[BlackElo "1119"]
[PlyCount "174"]
[EventDate "2010.05.21"]
[EventType "swiss"]
[EventRounds "7"]
[EventCountry "NED"]
[Source "P.Boonen"]
[SourceDate "2010.10.01"]

1. e4 e5 2. d4 exd4 3. Nf3 Bb4+ 4. Bd2 Qe7 5. Bd3 d5 6. e5 Bxd2+ 7. Nbxd2 f6 8.
O-O fxe5 9. Nxe5 Nf6 10. Re1 Be6 11. Ndf3 Qd6 12. Nxd4 c5 13. Nxe6 Qxe6 14. Ng6
Ne4 15. Nf4 Qc6 16. f3 c4 17. Bxe4 dxe4 18. Rxe4+ Kf7 19. Qd4 Nd7 20. Rae1 Rhe8
21. Rxe8 Rxe8 22. Rxe8 Kxe8 23. h3 g5 24. Qh8+ Nf8 25. Qe5+ Kf7 26. Qxg5 Qb6+
27. Kf1 Qxb2 28. Qf5+ Ke8 29. Qe4+ Kd8 30. Qxc4 b5 31. Qd5+ Nd7 32. Ne6+ Ke7
33. Nd4 Qc1+ 34. Kf2 Qd2+ 35. Kg1 Qc1+ 36. Kh2 Qf4+ 37. Kg1 Qe3+ 38. Kf1 Qc1+
39. Ke2 Qg1 40. Qe4+ Kd6 41. Qc6+ Ke7 42. Qe4+ Kd6 43. Nxb5+ Kc5 44. Qf5+ Kc6
45. Qe4+ Kxb5 46. a4+ Kb6 47. Qe6+ Kc7 48. Qc4+ Nc5 49. Qf4+ Kb6 50. Qb4+ Kc6
51. Qb5+ Kd5 52. c4+ Kd6 53. Qb8+ Kc6 54. Qa8+ Nb7 55. Qg8 Qb1 56. Qd5+ Kc7 57.
g4 Qc2+ 58. Ke3 Qc1+ 59. Kf2 Qc2+ 60. Kg3 Qxa4 61. Qf7+ Kc8 62. Qg8+ Nd8 63.
Qxh7 Qxc4 64. Qxa7 Ne6 65. Qe3 Kd7 66. h4 Ke7 67. Qe4 Qc7+ 68. Kh3 Kf7 69. Qf5+
Ke7 70. Qh7+ Kf6 71. Qxc7 Nxc7 72. Kg3 Ne6 73. f4 Ng7 74. Kf3 Ne6 75. Ke4 Nc5+
76. Kd5 Nd3 77. Ke4 Nc5+ 78. Kf3 Ne6 79. h5 Nd4+ 80. Kg3 Ne2+ 81. Kf3 Nd4+ 82.
Kg3 Ne2+ 83. Kh4 Nxf4 84. g5+ Kg7 85. h6+ Kg6 86. Kg4 Ne6 87. h7 Kxh7 1/2-1/2

[Event "ENCI Limburg-open C"]
[Site "Maastricht"]
[Date "2010.05.22"]
[Round "2"]
[White "Senders, Mischa"]
[Black "Tuerlinckx, Ben"]
[Result "0-1"]
[WhiteElo "1613"]
[BlackElo "1692"]
[PlyCount "86"]
[EventDate "2010.05.21"]
[EventType "swiss"]
[EventRounds "7"]
[EventCountry "NED"]
[Source "P.Boonen"]
[SourceDate "2010.10.01"]

1. e4 c5 2. Nf3 e6 3. Nc3 Qc7 4. d4 cxd4 5. Nxd4 a6 6. a3 Nf6 7. Be2 Nc6 8. Be3
b5 9. O-O Bb7 10. Nxc6 Bxc6 11. Bd3 Be7 12. f4 d6 13. b4 O-O 14. g4 Bb7 15. Bd2
Qb6+ 16. Rf2 d5 17. Qf3 dxe4 18. Nxe4 Nxe4 19. Bxe4 Bxe4 20. Qxe4 Bh4 21. Be3
Bxf2+ 22. Kxf2 Qc7 23. Bd4 Rac8 24. c3 Qc6 25. Re1 Qxe4 26. Rxe4 Ra8 27. Re5
Rfd8 28. Ke3 Rd5 29. Rxd5 exd5 30. g5 Re8+ 31. Kd2 Re4 32. Be3 f6 33. h4 fxg5
34. hxg5 h5 35. gxh6 gxh6 36. Ke2 h5 37. Kf3 Kf7 38. Bf2 Kf6 39. Bh4+ Kf5 40.
Bg3 h4 41. Bxh4 Rxf4+ 42. Kg3 Rg4+ 43. Kh3 Rxh4+ 0-1

[Event "ENCI Limburg-open C"]
[Site "Maastricht"]
[Date "2010.05.22"]
[Round "2"]
[White "Slangen Knuit, Dien"]
[Black "Daemen, Jules"]
[Result "0-1"]
[WhiteElo "1121"]
[BlackElo "1634"]
[PlyCount "72"]
[EventDate "2010.05.21"]
[EventType "swiss"]
[EventRounds "7"]
[EventCountry "NED"]
[Source "P.Boonen"]
[SourceDate "2010.10.01"]

1. d4 Nf6 2. c4 e5 3. dxe5 Ng4 4. Nf3 Nc6 5. e3 Ngxe5 6. Nbd2 g6 7. b3 Bg7 8.
Bb2 Nxf3+ 9. Nxf3 Bxb2 10. Rb1 Bg7 11. Be2 O-O 12. O-O d6 13. h3 Bf5 14. Bd3
Bxd3 15. Qxd3 Ne5 16. Qe2 Re8 17. Rbd1 Qe7 18. Rfe1 Rad8 19. Nd4 Nc6 20. Qg4
Nxd4 21. exd4 Qf6 22. Rxe8+ Rxe8 23. d5 Qe5 24. Rf1 Qe2 25. a4 Qxg4 26. hxg4
Re2 27. Rb1 Rb2 28. Rxb2 Bxb2 29. f3 Kg7 30. Kf1 Kf6 31. Ke2 Ke5 32. Kd3 Kf4
33. Ke2 Kg3 34. Kf1 Bd4 35. b4 b6 36. b5 Bc5 0-1

[Event "ENCI Limburg-open C"]
[Site "Maastricht"]
[Date "2010.05.22"]
[Round "2"]
[White "Snoeks, Marnicq"]
[Black "Weerts, Rene"]
[Result "0-1"]
[WhiteElo "1286"]
[BlackElo "1672"]
[PlyCount "130"]
[EventDate "2010.05.21"]
[EventType "swiss"]
[EventRounds "7"]
[EventCountry "NED"]
[Source "P.Boonen"]
[SourceDate "2010.10.01"]

1. e4 g6 2. Nf3 d6 3. g3 Bg7 4. Bg2 c6 5. O-O Na6 6. c3 Nc7 7. d4 Bg4 8. Be3
Nf6 9. Qd3 Qc8 10. e5 Nfd5 11. exd6 exd6 12. c4 Nf6 13. Nh4 O-O 14. Nc3 Bh3 15.
Bg5 Bxg2 16. Kxg2 Ne6 17. Bxf6 Bxf6 18. Nf3 h5 19. Ne4 Be7 20. d5 Ng7 21. Neg5
Qd8 22. h4 c5 23. Rfe1 b6 24. Ne4 a5 25. a4 Ra7 26. b3 Nf5 27. Ra2 Nh6 28. Nh2
f5 29. Nc3 Bf6 30. Nb5 Rg7 31. Qe3 Nf7 32. Qe6 Be5 33. f4 Re8 34. Qxe8+ Qxe8
35. fxe5 dxe5 36. Nc7 Qd7 37. Ne6 Rh7 38. Nf3 e4 39. Nfg5 Nxg5 40. Nxg5 Re7 41.
Rd2 Qd6 42. Ne6 Rxe6 43. dxe6 Qxd2+ 44. Kf1 Qd6 45. Kf2 Qxe6 46. Ke3 Qe5 47.
Kf2 f4 48. gxf4 Qxf4+ 49. Ke2 Qxh4 50. Rf1 Qg4+ 51. Ke3 Qf3+ 52. Rxf3 exf3 53.
Kxf3 Kf7 54. Kf4 Kf6 55. b4 cxb4 56. c5 bxc5 57. Ke3 Ke5 58. Kd3 h4 59. Kc4 h3
60. Kxc5 b3 61. Kb5 b2 62. Kxa5 b1=Q 63. Ka6 h2 64. a5 h1=Q 65. Ka7 Qbb7# 0-1

[Event "ENCI Limburg-open C"]
[Site "Maastricht"]
[Date "2010.05.22"]
[Round "2"]
[White "Snoeks, Pieter Jan"]
[Black "Mueller, Elias"]
[Result "0-1"]
[WhiteElo "1388"]
[BlackElo "1229"]
[PlyCount "112"]
[EventDate "2010.05.21"]
[EventType "swiss"]
[EventRounds "7"]
[EventCountry "NED"]
[Source "P.Boonen"]
[SourceDate "2010.10.01"]

1. d4 d5 2. Bf4 Bf5 3. Nf3 e6 4. e3 Bd6 5. Bg3 Nf6 6. Be2 Bxg3 7. hxg3 Nc6 8.
Nh4 Bg6 9. Nxg6 fxg6 10. Bd3 O-O 11. Nd2 e5 12. dxe5 Nxe5 13. Nf3 Nxf3+ 14.
gxf3 d4 15. Bc4+ Kh8 16. Qxd4 Qxd4 17. exd4 Rfe8+ 18. Kd2 Rad8 19. c3 c5 20.
Bf7 Re7 21. Bxg6 cxd4 22. Bd3 dxc3+ 23. Kc2 cxb2 24. Rad1 g6 25. Kxb2 Kg7 26.
a4 Red7 27. Kc3 Nd5+ 28. Kb3 Nb6 29. a5 Nc8 30. Kc3 Ne7 31. Rhe1 Nd5+ 32. Kb3
Nf6 33. Re3 Rd5 34. Re7+ Kf8 35. Rxb7 Rxd3+ 36. Rxd3 Rxd3+ 37. Kc4 Rxf3 38.
Rxa7 Rxf2 39. a6 Rc2+ 40. Kb5 Rb2+ 41. Kc6 Rc2+ 42. Kb7 Rb2+ 43. Kc8 Rc2+ 44.
Rc7 Ra2 45. a7 Kg8 46. Kb8 Ne4 47. g4 Nf6 48. a8=Q Rxa8+ 49. Kxa8 Nxg4 50. Kb7
Ne5 51. Kb6 Nf7 52. Kc5 Kg7 53. Kd5 Kf6 54. Ke4 Ng5+ 55. Kf4 Ne6+ 56. Kg4 Nxc7
0-1

[Event "ENCI Limburg-open C"]
[Site "Maastricht"]
[Date "2010.05.22"]
[Round "2"]
[White "Thirion, Jean Francois"]
[Black "Geene, Patrick"]
[Result "1/2-1/2"]
[WhiteElo "1660"]
[BlackElo "1548"]
[PlyCount "54"]
[EventDate "2010.05.21"]
[EventType "swiss"]
[EventRounds "7"]
[EventCountry "NED"]
[Source "P.Boonen"]
[SourceDate "2010.10.01"]

1. c4 e5 2. Nc3 Nf6 3. g3 Bc5 4. Bg2 c6 5. e3 d6 6. a3 a6 7. b4 Ba7 8. Nge2 O-O
9. O-O Be6 10. d3 Qd7 11. Qc2 Re8 12. Bb2 Bf5 13. Qd2 h6 14. d4 Nh7 15. Rfd1
Ng5 16. dxe5 dxe5 17. Qxd7 Nxd7 18. c5 Rad8 19. Rd2 Bh3 20. Rad1 Re7 21. Kh1
Bg4 22. Ne4 Nxe4 23. Bxe4 Bxe2 24. Rxe2 Bb8 25. Red2 g6 26. Bg2 Kf8 27. Bh3 Ke8
1/2-1/2

[Event "ENCI Limburg-open C"]
[Site "Maastricht"]
[Date "2010.05.22"]
[Round "2"]
[White "Van Velthoven, Paul"]
[Black "Henrotte, Nils"]
[Result "0-1"]
[WhiteElo "1416"]
[BlackElo "1655"]
[PlyCount "76"]
[EventDate "2010.05.21"]
[EventType "swiss"]
[EventRounds "7"]
[EventCountry "NED"]
[Source "P.Boonen"]
[SourceDate "2010.10.01"]

1. e4 Nc6 2. d4 d5 3. e5 Bf5 4. Nf3 e6 5. Bd3 Bxd3 6. Qxd3 Be7 7. c3 a6 8. Nbd2
Nh6 9. Nf1 Nf5 10. Ne3 Nxe3 11. Bxe3 g5 12. Nd2 h6 13. Nb3 b5 14. Rf1 Nb8 15.
Ke2 Nd7 16. f4 c5 17. Qd2 c4 18. Nc1 f5 19. Kd1 g4 20. Ne2 Nf8 21. Kc2 Ng6 22.
h3 h5 23. hxg4 hxg4 24. Rh1 Kf7 25. Ng3 Qb6 26. Rxh8 Rxh8 27. Rh1 Rxh1 28. Nxh1
b4 29. g3 bxc3 30. bxc3 Ba3 31. Nf2 Qb2+ 32. Kd1 Qb1+ 33. Ke2 Qg1 34. Qe1 Qxg3
35. Qh1 Qh4 36. Qb1 g3 37. Qb7+ Be7 38. Nd1 g2 0-1

[Event "ENCI Limburg-open C"]
[Site "Maastricht"]
[Date "2010.05.22"]
[Round "2"]
[White "Van den Bosch, Arno"]
[Black "Van Steenwinckel, Hugo"]
[Result "1-0"]
[WhiteElo "1336"]
[BlackElo "1645"]
[PlyCount "65"]
[EventDate "2010.05.21"]
[EventType "swiss"]
[EventRounds "7"]
[EventCountry "NED"]
[Source "P.Boonen"]
[SourceDate "2010.10.01"]

1. e4 c5 2. Nf3 d6 3. c3 Nf6 4. Be2 Nxe4 5. Qa4+ Bd7 6. Qxe4 Nc6 7. d4 cxd4 8.
cxd4 g6 9. d5 Bf5 10. Qa4 Qa5+ 11. Qxa5 Nxa5 12. Bd2 Rc8 13. O-O Bg7 14. Bb5+
Kf8 15. Nc3 a6 16. Be2 b5 17. Rac1 Nb7 18. Nh4 Bd7 19. b4 Bf6 20. Nf3 Bf5 21.
a4 bxa4 22. Nxa4 Kg7 23. Bxa6 Ra8 24. Bxb7 Rxa4 25. b5 Bb2 26. Rc7 Bd3 27. Re1
Bf6 28. b6 h6 29. Bc6 Ra2 30. b7 Rb2 31. Rc8 Bf5 32. Rxh8 Kxh8 33. Ba5 1-0

[Event "ENCI Limburg-open C"]
[Site "Maastricht"]
[Date "2010.05.22"]
[Round "2"]
[White "Van der Wouw, Paul"]
[Black "Beaumont, Thierry"]
[Result "1-0"]
[WhiteElo "1606"]
[BlackElo "1147"]
[PlyCount "107"]
[EventDate "2010.05.21"]
[EventType "swiss"]
[EventRounds "7"]
[EventCountry "NED"]
[Source "P.Boonen"]
[SourceDate "2010.10.01"]

1. e4 e5 2. Nf3 Nc6 3. Bb5 Nf6 4. O-O Nxe4 5. Re1 d5 6. Nxe5 Qf6 7. Nf3 Be6 8.
d4 Be7 9. Nbd2 Nxd2 10. Bxd2 O-O 11. Bxc6 bxc6 12. Bg5 Qg6 13. Bxe7 Rfe8 14.
Bh4 Bh3 15. Rxe8+ Rxe8 16. Bg3 Bg4 17. Qd2 Bxf3 18. gxf3 h5 19. h4 Qf6 20. Re1
Rxe1+ 21. Qxe1 Qxd4 22. Qc3 Qxc3 23. bxc3 Kf8 24. Kf1 Ke7 25. Bxc7 Ke6 26. f4
Kf5 27. f3 Kf6 28. Ke2 Ke6 29. Ke3 Kf5 30. Kd4 Ke6 31. Kc5 Kd7 32. Bb8 a5 33.
Kb6 a4 34. Ka5 a3 35. Ka4 f6 36. Kxa3 Ke6 37. Kb4 g5 38. fxg5 fxg5 39. hxg5 Kf5
40. a4 Kxg5 41. a5 Kh4 42. a6 Kh3 43. a7 Kg2 44. f4 h4 45. f5 h3 46. a8=Q h2
47. Qxc6 h1=Q 48. Qxd5+ Kg1 49. Qxh1+ Kxh1 50. f6 Kg2 51. f7 Kh1 52. f8=Q Kg2
53. Qf4 Kh1 54. Qh2# 1-0

[Event "ENCI Limburg-open C"]
[Site "Maastricht"]
[Date "2010.05.22"]
[Round "2"]
[White "Vincent, Gwijde"]
[Black "Van Meegen, Judith"]
[Result "1/2-1/2"]
[WhiteElo "1701"]
[BlackElo "1254"]
[PlyCount "68"]
[EventDate "2010.05.21"]
[EventType "swiss"]
[EventRounds "7"]
[EventCountry "NED"]
[Source "P.Boonen"]
[SourceDate "2010.10.01"]

1. e4 e5 2. Nf3 Nc6 3. Bc4 Nf6 4. Ng5 d5 5. exd5 b5 6. Bxb5 Qxd5 7. Nc3 Qxg2 8.
Qf3 Qxf3 9. Nxf3 Bd7 10. d3 Be7 11. Rg1 Nd4 12. Bxd7+ Nxd7 13. Nxd4 exd4 14.
Nb5 Bd6 15. Nxd4 Bxh2 16. Rg2 Be5 17. Nc6 Bf6 18. c3 O-O 19. Bh6 Rfe8+ 20. Kd2
g6 21. Nb4 Rab8 22. d4 c5 23. dxc5 Nxc5 24. Be3 Ne4+ 25. Kc2 a5 26. Nd5 Bg7 27.
Rd1 Rbc8 28. Bb6 a4 29. Be3 Rc6 30. a3 Nc5 31. Rgg1 h5 32. Bg5 Kf8 33. Kb1 Ne4
34. Bh4 Bh6 1/2-1/2

[Event "ENCI Limburg-open C"]
[Site "Maastricht"]
[Date "2010.05.22"]
[Round "2"]
[White "Visse, Bernard"]
[Black "Ucaroglu, Melih Furkan"]
[Result "1-0"]
[WhiteElo "1641"]
[BlackElo "1414"]
[PlyCount "97"]
[EventDate "2010.05.21"]
[EventType "swiss"]
[EventRounds "7"]
[EventCountry "NED"]
[Source "P.Boonen"]
[SourceDate "2010.10.01"]

1. d4 Nf6 2. Bf4 e6 3. e3 c5 4. Nf3 Qb6 5. Nc3 cxd4 6. exd4 Bb4 7. Be2 Ne4 8.
Bd2 Nxd2 9. Qxd2 Nc6 10. O-O O-O 11. a3 Be7 12. b4 Bf6 13. Na4 Qc7 14. c4 d6
15. Nc3 g6 16. Rac1 a6 17. Nd5 exd5 18. cxd5 Qb6 19. dxc6 bxc6 20. Qf4 Be7 21.
Qe4 Qa7 22. Qxc6 Bb7 23. Qc3 Bf6 24. Qc7 Rfd8 25. Bc4 d5 26. Bb3 Rac8 27. Qf4
Qb6 28. Rfe1 Kg7 29. Rc5 Rxc5 30. dxc5 Qc6 31. Nd4 Bxd4 32. Qxd4+ Qf6 33. Re5
Re8 34. f4 Rxe5 35. fxe5 Qe6 36. g3 Bc6 37. a4 h5 38. b5 axb5 39. axb5 Bxb5 40.
Bxd5 Qf5 41. Qf2 Qxf2+ 42. Kxf2 Bd7 43. h4 Bc8 44. Ke3 f6 45. exf6+ Kxf6 46.
Kf4 Ba6 47. Ba8 Ke6 48. Bc6 Bd3 49. Be4 1-0

[Event "ENCI Limburg-open C"]
[Site "Maastricht"]
[Date "2010.05.22"]
[Round "3"]
[White "Beaumont, Thierry"]
[Black "Dijkstra, Hidde"]
[Result "1-0"]
[WhiteElo "1147"]
[BlackElo "1368"]
[PlyCount "47"]
[EventDate "2010.05.21"]
[EventType "swiss"]
[EventRounds "7"]
[EventCountry "NED"]
[Source "P.Boonen"]
[SourceDate "2010.10.01"]

1. e4 d5 2. exd5 Nf6 3. Nc3 Nxd5 4. Nxd5 Qxd5 5. Qf3 Qc5 6. c3 g6 7. d4 Qb6 8.
Bc4 e6 9. Bb3 Bg7 10. Nh3 O-O 11. O-O c5 12. dxc5 Qxc5 13. Be3 Qc7 14. Rad1 Nc6
15. Bf4 e5 16. Be3 Bf5 17. Rfe1 Rad8 18. Rxd8 Rxd8 19. Rd1 Rxd1+ 20. Qxd1 Bxh3
21. gxh3 a6 22. Bd5 Qd7 23. Qd2 Ne7 24. Bxf7+ 1-0

[Event "ENCI Limburg-open C"]
[Site "Maastricht"]
[Date "2010.05.22"]
[Round "3"]
[White "Been, Klaas"]
[Black "Reyskens, Jules"]
[Result "1-0"]
[WhiteElo "1735"]
[BlackElo "1631"]
[PlyCount "75"]
[EventDate "2010.05.21"]
[EventType "swiss"]
[EventRounds "7"]
[EventCountry "NED"]
[Source "P.Boonen"]
[SourceDate "2010.10.01"]

1. d4 Nf6 2. Nf3 d5 3. e3 Bf5 4. Nbd2 e6 5. c3 c6 6. Ne5 Nbd7 7. Ndf3 Nxe5 8.
Nxe5 Nd7 9. Nf3 Be7 10. Be2 O-O 11. O-O Qc7 12. b3 e5 13. dxe5 Nxe5 14. Nd4 Bg6
15. f4 f6 16. Ne6 Qd6 17. Nxf8 Rxf8 18. fxe5 Qxe5 19. Qd4 Qc7 20. Qxa7 Bd6 21.
Kh1 Bxh2 22. Ba3 Be4 23. Rf4 Bxf4 24. Qc5 Re8 25. exf4 Qxf4 26. Bf1 Qh4+ 27.
Kg1 Bxg2 28. Bxg2 Re1+ 29. Rxe1 Qxe1+ 30. Kh2 Qh4+ 31. Bh3 Qf4+ 32. Kg2 Qe4+
33. Kf2 Qc2+ 34. Ke1 Qe4+ 35. Kd2 Qf4+ 36. Qe3 Qh2+ 37. Kd3 Kf7 38. Bf5 1-0

[Event "ENCI Limburg-open C"]
[Site "Maastricht"]
[Date "2010.05.22"]
[Round "3"]
[White "Beissel, Daniel"]
[Black "Allen, Tim"]
[Result "0-1"]
[WhiteElo "1542"]
[BlackElo "1699"]
[PlyCount "52"]
[EventDate "2010.05.21"]
[EventType "swiss"]
[EventRounds "7"]
[EventCountry "NED"]
[Source "P.Boonen"]
[SourceDate "2010.10.01"]

1. d4 d5 2. c4 e5 3. dxe5 d4 4. Nf3 Nc6 5. Nbd2 f6 6. exf6 Qxf6 7. Nb3 Bb4+ 8.
Bd2 Bxd2+ 9. Qxd2 Be6 10. Rc1 O-O-O 11. Nc5 Bf5 12. Nd3 h6 13. g3 Nge7 14. Bg2
Ng6 15. O-O Rhe8 16. Rfe1 Re7 17. a3 Qe6 18. b4 Bh3 19. e3 Bxg2 20. Kxg2 Qf6
21. exd4 Nxd4 22. Nxd4 Qxd4 23. Rxe7 Nxe7 24. Rc3 Ng6 25. Qc2 Qg4 26. Nc5 Nh4+
0-1

[Event "ENCI Limburg-open C"]
[Site "Maastricht"]
[Date "2010.05.22"]
[Round "3"]
[White "Beukema, Jasper"]
[Black "Overtoom, Reinier"]
[Result "0-1"]
[WhiteElo "1098"]
[BlackElo "1674"]
[PlyCount "54"]
[EventDate "2010.05.21"]
[EventType "swiss"]
[EventRounds "7"]
[EventCountry "NED"]
[Source "P.Boonen"]
[SourceDate "2010.10.01"]

1. e4 c5 2. Nf3 d6 3. d4 cxd4 4. Nxd4 Nf6 5. Nc3 g6 6. Bb5+ Bd7 7. Bxd7+ Qxd7
8. O-O Bg7 9. b3 O-O 10. Bb2 Nc6 11. Nf3 Nxe4 12. Nxe4 Bxb2 13. Rb1 Bg7 14. c4
Qc7 15. Re1 Qa5 16. Qc2 Rfe8 17. Rbd1 Rac8 18. Rd5 Qc7 19. a3 Rcd8 20. Red1 Ne5
21. Qe2 a6 22. c5 Nxf3+ 23. Qxf3 dxc5 24. Rxc5 Qb6 25. b4 Rxd1+ 26. Qxd1 Rd8
27. Qb3 Qe6 0-1